• 首页
  • 本馆介绍
  • 公告通知
  • 最新文献
  • 馆藏检索
  • 电子资源
  • 读者导购
  • 参考咨询
  • 我的图书馆
  • 登录
  • 详细信息显示
  • 放入我的书架
  • 预约/预借图书
  • 作者相关作品
  • 分类相关作品
  • 丛书相关作品
  • 出版社相关作品

书目信息

  • 表格格式
  • 工作单格式
  • 卡片格式
题名:
立体声收音机的原理与制作
    
 
作者: 宁英福 , 叶身德 编写
分册:  
出版信息: 南昌   江西人民出版社  1984
页数: 326页
开本: 19cm
丛书名:
单 册:
中图分类: TN859 , TN854
科图分类:
主题词: 立体声收音机--制作
电子资源:
ISBN:
000 00734nam0 2200265 45
001 0184016142
005 20040514101039.0
010    @dCNY1.17
091    @a15110.57
100    @a19950627d1984 em y0chiy0121 ea
101 0  @achi
102    @aCN@b360000
105    @ay z 000yy
106    @ar
200 10 @a立体声收音机的原理与制作@Ali ti sheng shou yin ji de yuan li yu zhi zuo@f宁英福,叶身德编写
210    @a南昌@c江西人民出版社@d1984
215    @a326页@d19cm
606    @a立体声收音机@x制作
690    @aTN859@v3 
690    @aTN854
701  0 @a宁英福@Aning ying fu@4编写
701  0 @a叶身德@Aye shen de@4编写
801  0 @aCN@b上海图书馆@c20040514
801  2 @aCN@bNLC@c20040514
905    @f1@b130057@dTN854@e26
    
    立体声收音机的原理与制作/宁英福,叶身德编写.-南昌:江西人民出版社,1984
    326页;19cm
    
    
    ISBN :CNY1.17
    
●
相关链接 在E读中查询图书 在五车中查询图书 在当当中查询图书 在豆瓣中查询图书


正题名:立体声收音机的原理与制作     索取号:TN854/26         预约/预借

序号 登录号 条形码 馆藏地/架位号 状态 备注
1 0130057   001322367   第二样本阅览室/ [索取号:TN854/26] 在馆    
唐山师范学院图书馆 欢迎您!
大连网信软件有限公司© 版权所有